00851nam a2200217 a 4500008004100000040001200041041000800053044000700061082002500068100003200093245018100125260004700306300003700353490004100390502008800431650002400519650001400543655004000557700002900597852000700626200311s2018 ii ad||g m|||a00| 0 eng d aKObeng0 aeng aii04223a378.242bIRM17121 aVashisht, KamaleResearcher10aOrganizational Study of Container Terminal Operations of JM Baxi Group Unit International Container and Rail Infrastructure Private Limited(ICT and RIPL) :bInternship Report / aKochi :bIndian Maritime University,c2019 a139 p. :bill., charts ;c29 cm.0 aMBA Internship 2017-19 ;v1705305012 aInternship (MBA)–Indian Maritime University. School of Maritime Management, 2019. 0aContainer terminals 0aRailroads 72lcshaDissertations, Academicy20181 aP. A., JayancDr.eGuide aKO